MARC

LEADER 00000nam0a2200000 4500
001 324103
005 20231102003633.0
035 |a (RuTPU)RU\TPU\book\349692 
090 |a 324103 
100 |a 20161107d1951 km y0rusy50 ca 
101 0 |a rus 
102 |a AZ 
105 |a a z 001zy 
200 1 |a Балансирные индивидуальные приводы глубиннонасосной установки (станки-качалки)  |f К. С. Аливердизаде 
210 |a Баку  |a Ленинград  |c Азнефтеиздат  |d 1951 
215 |a 215 с.  |c ил. 
320 |a Библиогр.: с. 213 
606 1 |a Станки-качалки  |x Горное дело  |x Эксплуатация  |2 stltpush  |3 (RuTPU)RU\TPU\subj\56737  |9 74628 
610 1 |a глубиннонасосное оборудование 
610 1 |a балансирование 
610 1 |a приводы 
610 1 |a классификация 
610 1 |a конструкции 
610 1 |a кинематика 
610 1 |a синтез 
610 1 |a силовые расчеты 
610 1 |a двигатели 
610 1 |a мощности 
675 |a 622.242  |v 4 
700 1 |a Аливердизаде  |b К. С. 
801 1 |a RU  |b 63413507  |c 20161107 
801 2 |a RU  |b 63413507  |c 20200220  |g RCR 
942 |c BK